International institutions in the new global economy / (Record no. 18339)
[ view plain ]
| 000 -LEADER | |
|---|---|
| fixed length control field | 01158cam a2200301 a 4500 |
| 005 - DATE AND TIME OF LATEST TRANSACTION | |
| control field | 20230512125607.0 |
| 008 - FIXED-LENGTH DATA ELEMENTS--GENERAL INFORMATION | |
| fixed length control field | 050225s2005 enka b 001 0 eng |
| 010 ## - LIBRARY OF CONGRESS CONTROL NUMBER | |
| LC control number | 2005043328 |
| 020 ## - INTERNATIONAL STANDARD BOOK NUMBER | |
| ISBN | 1843764253 (hbk.) |
| 040 ## - CATALOGING SOURCE | |
| Original cataloging agency | DLC |
| Transcribing agency | DLC |
| Modifying agency | DLC |
| 042 ## - AUTHENTICATION CODE | |
| Authentication code | pcc |
| 050 00 - LIBRARY OF CONGRESS CALL NUMBER | |
| Classification number | HF1359 |
| Item number | .I583 2005 |
| 082 00 - DEWEY DECIMAL CLASSIFICATION NUMBER | |
| Classification number | 337.1 |
| Edition number | 22 |
| Item number | INT |
| 100 ## - MAIN ENTRY--AUTHOR | |
| Author Name | Lisa L.Martin |
| 245 00 - TITLE STATEMENT | |
| Title | International institutions in the new global economy / |
| Statement of responsibility, etc. | edited by Lisa L. Martin. |
| 260 ## - PUBLICATION, DISTRIBUTION, ETC. | |
| Place of Publication | Cheltenham, UK ; |
| -- | Northampton, MA : |
| Name of publisher, distributor, etc. | Edward Elgar Pub., |
| Date of publication, distribution, etc. | c2005. |
| 300 ## - PHYSICAL DESCRIPTION | |
| Pages | xv, 616 p. : |
| 500 ## - GENERAL NOTE | |
| General note | Selections of articles from various sources. |
| 504 ## - BIBLIOGRAPHY, ETC. NOTE | |
| Bibliography, etc. note | Includes bibliographical references and index. |
| 504 ## - BIBLIOGRAPHY, ETC. NOTE | |
| Bibliography, etc. note | Includes bibliographical references and index. |
| 650 #0 - SUBJECT ADDED ENTRY--TOPICAL TERM | |
| Subject / Department | International economic relations. |
| 650 #0 - SUBJECT ADDED ENTRY--TOPICAL TERM | |
| Subject / Department | International agencies. |
| 650 #0 - SUBJECT ADDED ENTRY--TOPICAL TERM | |
| Subject / Department | International organization. |
| 700 1# - ADDED ENTRY--PERSONAL NAME | |
| Personal name | Martin, Lisa L., |
| Dates associated with a name | 1961- |
| 300 ## - PHYSICAL DESCRIPTION | |
| -- | ill. ; |
| -- | 26 cm. |
| 906 ## - LOCAL DATA ELEMENT F, LDF (RLIN) | |
| a | 7 |
| b | cbc |
| c | orignew |
| d | 1 |
| e | ocip |
| f | 20 |
| g | y-gencatlg |
No items available.
